Statistics for Musical Acts by Letter - D

Click here to take the quiz!

General Stats

  • This quiz has been taken 212 times
  • The average score is 7 of 14

Answer Stats

YearSongBand or Artist% Correct
2015Hotline BlingDrake
73%
1969Space OddityDavid Bowie
73%
1972Smoke On The WaterDeep Purple
68%
1987Pour Some Sugar on MeDef Leppard
65%
1971American PieDon McLean
63%
2001BootyliciousDestiny's Child
62%
1982RioDuran Duran
62%
1967Light My FireThe Doors
58%
1953That's AmoreDean Martin
48%
1992Nuthin' but a 'G' ThangDr Dre
44%
2017DespacitoDaddy Yankee
41%
2006Bad DayDaniel Powter
36%
1975Love to Love You BabyDonna Summer
28%
2016PandaDesiigner
27%

Score Distribution

Percentile by Number Answered

Percent of People with Each Score

Your Score History

You have not taken this quiz